| 000 | 00438cam a2200169ua 4500 | ||
|---|---|---|---|
| 020 | _c75.00 | ||
| 041 |
_aeng _h |
||
| 082 |
_a028.71536 _bCHE/HE |
||
| 100 | _aChremisinoff, Nicholas P . | ||
| 245 |
_aHeat transfer handbook / _cNicholas P Chremisinoff. _hTextual Documents |
||
| 260 |
_aMumbai : _bJaico Publishing House , _c1999. |
||
| 300 | _a240 ; . | ||
| 365 | _a75.00 | ||
| 504 | _a | ||
| 942 | _cBK | ||
| 999 |
_c5968 _d5968 |
||